Missing Word: 24 Quiz Stats

 Plays Quiz Updated Dec 20, 2017

Score 0/10 Timer 02:00
0 Plays Today
% Correct
Bauer
93.8%
Kiefer
91.6%
Cuthbert
63.1%
Chloe
54.2%
Dennis
52.1%
David
47.5%
Kim
46.2%
Almeida
39.3%
Lynn
36.5%
Bernard
23.2%

Today's Daily Dose

You're not logged in!

Compare scores with friends on all Sporcle quizzes.
OR
Log In

You Might Also Like...

Show Comments

Extras

Top Quizzes Today


Score Distribution

Your Account Isn't Verified!

In order to create a playlist on Sporcle, you need to verify the email address you used during registration. Go to your Sporcle Settings to finish the process.

Report this User

Report this user for behavior that violates our Community Guidelines.

Details: